000 01024cam a2200337 a 4500
999 _c528843
_d528843
001 13164143
003 NUST
005 20190913095753.0
008 030304s2002 sz z i000 0 eng
010 _a 2003443228
020 _a9290451459
035 _a(OCoLC)ocm51835310
038 _aMSOHAIL
040 _aEQO
_cEQO
_dDLC
042 _alccopycat
043 _af------
050 0 0 _aKZ5785
_b.A34 2002
082 _a0
088 _aUNIDIR/2002/16
100 1 _aAdeniji, Olu.
_920628
245 1 4 _aThe Treaty of Pelindaba on the African nuclear-weapon-free-zone /
_cOluyemi Adeniji.
260 _aGeneva :
_bUNIDIR,
_cc2002.
300 _axi, 347 p. ;
_c21 cm.
500 _a"UNIDIR/2002/16."
650 0 _aNuclear-weapon-free zones
_zAfrica.
_920629
650 0 _aNuclear nonproliferation.
_920630
710 2 _aUnited Nations Institute for Disarmament Research.
_920613
906 _a7
_bcbc
_ccopycat
_d3
_encip
_f20
_gy-gencatlg
942 _2ddc
_cBK